Central Library OPAC University of Rajshahi
Normal view MARC view

Entry Uniform Title

Number of records used in: 3

001 - CONTROL NUMBER

  • control field: 13743

003 - CONTROL NUMBER IDENTIFIER

  • control field: BD-RjUL

005 - DATE AND TIME OF LATEST TRANSACTION

  • control field: 20241007123543.0

008 - FIXED-LENGTH DATA ELEMENTS

  • fixed length control field: 241007|| aca||aabn | a|a d

040 ## - CATALOGING SOURCE

  • Original cataloging agency: BD-RjUL
  • Transcribing agency: BD-RjUL

130 ## - HEADING--UNIFORM TITLE

  • Uniform title: Wiley series on the science and technology of materials

670 ## - SOURCE DATA FOUND

  • Source citation: Work cat.: (BD-RjUL)84090: Cottrell, A. H. 1919-2012. 13742, The mechanical properties of matter /, [1964]